|
|
|
|
| LEADER |
00000nam0a2200000 4500 |
| 001 |
222930 |
| 005 |
20231101230506.0 |
| 020 |
|
|
|a RU
|b 88-81459
|
| 035 |
|
|
|a (RuTPU)RU\TPU\book\243161
|
| 090 |
|
|
|a 222930
|
| 100 |
|
|
|a 20121003d1988 k y0rusy5003 ca
|
| 101 |
0 |
|
|a rus
|
| 102 |
|
|
|a RU
|
| 105 |
|
|
|a a z 001zy
|
| 200 |
1 |
|
|a Технологическое обеспечение эксплуатационных свойств деталей машин
|e сборник научных трудов
|f Брянский институт транспортного машиностроения ; под ред. О. А. Горленко
|
| 210 |
|
|
|a Брянск
|c БИТМ
|d 1988
|
| 215 |
|
|
|a 152 с.
|c ил.
|d 20 см
|
| 320 |
|
|
|a Библиогр. в конце статей
|
| 606 |
1 |
|
|a Детали машин
|x Эксплуатационные свойства
|2 stltpush
|3 (RuTPU)RU\TPU\subj\9206
|9 36484
|
| 610 |
1 |
|
|a технологичность
|
| 610 |
1 |
|
|a поверхностные аппараты
|
| 610 |
1 |
|
|a поверхностный слой
|
| 610 |
1 |
|
|a качество
|
| 610 |
1 |
|
|a износостойкость
|
| 610 |
1 |
|
|a геометрические параметры
|
| 610 |
1 |
|
|a физико-механические параметры
|
| 610 |
1 |
|
|a долговечность
|
| 610 |
1 |
|
|a надежность
|
| 675 |
|
|
|a 621.81.004
|z rus
|v 3
|
| 702 |
|
1 |
|a Горленко
|b О. А.
|g Олег Александрович
|4 340
|
| 712 |
0 |
2 |
|a Брянский институт транспортного машиностроения
|2 stltpush
|3 (RuTPU)RU\TPU\col\4101
|
| 801 |
|
0 |
|a RU
|b RuMRKP
|c 19950417
|g psbo
|
| 801 |
|
1 |
|a RU
|b 63413507
|c 20121003
|
| 801 |
|
2 |
|a RU
|b 63413507
|c 20190618
|g RCR
|
| 942 |
|
|
|c BK
|